000 00819nam a2200253Ia 4500
003 OSt
005 20220923211416.0
006 a|||||r|||| 00| 0
007 ta
008 Pun
020 _a9788191041736 (pbk)
_c300
024 _a290,778
037 _b1001, 31/12/2015, H.K. Prakashan
_cTextual
040 _aARTS
_cARTS
_bPun
041 _2Pun
_aPun
082 _aQ8441:g, 153Q3
100 _aਸਿੰਘ, ਅਤਿੰਦਰ ਪਾਲ
245 0 _aਸਿੱਖ ਸਭਿਅਤਾ ਦੇ ਮੂਲ ਆਧਾਰ
260 _aਅੰਮ੍ਰਿਤਸਰ
_b ਸਿੱਖ ਬ੍ਰਦਰF
_c2013
300 _a352ਪੰ
_ccm.
650 _aਧਰਮ
942 _hQ8441:g, 153Q3
_cTEXL
_2CC
999 _c299195
_d299195